00399 2200157 4500001002100000005001500021035002000036245005300056100002000109300002600129260003400155082000800189084001400197020001800211990001200229INLIS00000000000162020250425074501 a0010-04250000361 aPemulihan Jiwa Sahabat Muslim /cMuhammad Faisal0 aMuhammad Faisal a282 hlm ;c14 x 18 cm aKlaten :bPT. Hafamira,c2014 a200 a200 MUH p a979-26-7531-0 a0754712